Poems upon several occasions.

Bibliographic Details
Format: Microform Book
Language:English
Subjects:

MARC

Tag First Indicator Second Indicator Subfields
LEADER 00000cam a2200000 a 4500
001 in00001346310
005 20151006070549.0
007 hd afu---baca
008 841025s1779 mau a 000 0 eng d
035 |a (OCoLC)11306522 
035 |9 AHH1023AM 
040 |a POE  |c POE  |d UtOrBLW 
043 |a n-us--- 
049 |a TXAI 
090 |a PS586  |b .A450 pt. 1, no. 1575 
099 |a film  |a B  |a 3870 
245 0 0 |a Poems upon several occasions. 
264 3 |a Boston :  |b Printed for the author,  |c 1779. 
300 |a 16 pages ;  |c 18 cm. 
336 |a text  |b txt  |2 rdacontent 
337 |a microform  |b h  |2 rdamedia 
338 |a microfilm reel  |b hd  |2 rdacarrier 
505 2 |a (From t.-p.) I. A poem on the enemy's first coming to Boston; the burning of Charleston, the fight at Bunker-Hill &c. -- II. The widow's lamentation -- III. Nebuchadnezzar's dream -- IV. Against oppression -- V. An heroic poem on the taking of Gen Burgoyne, etc. 
510 4 |a Wegelin, O. Amer. poetry  |c 740 
510 4 |a Sabin  |c 63626 
510 4 |a Evans  |c 16479 
533 |a Microfilm.  |b Woodbridge, Conn. :  |c Research Publications,  |d 1976.  |e 1 microfilm reel ; 35 mm.  |f (American Poetry, 1609-1900 ; Seg. I, no. 1575) 
539 |a s  |b 1976  |d ctu  |e n 
500 |a Microform. 
651 0 |a United States  |x History  |y Revolution, 1775-1783  |v Poetry. 
999 |a MARS 
999 f f |s 630cf80a-7340-3fa9-a71b-6e8857b03217  |i feeace67-d9d7-3083-b511-bda25d8e077c  |t 0 
952 f f |p default  |a Texas A&M University  |b College Station  |c Sterling C. Evans Library  |d Evans: Microforms (3rd floor)  |t 0  |e film B 3870 Segment I, no. 1575  |h Other scheme  |i microform -- microfilm reel 
998 f f |a film B 3870 Segment I, no. 1575  |t 0  |l Evans: Microforms (3rd floor)